| 000 | 00565nam a22001937a 4500 | ||
|---|---|---|---|
| 005 | 20241102160415.0 | ||
| 008 | 241102b |||||||| |||| 00| 0 eng d | ||
| 020 | _a9781429283427 | ||
| 050 |
_aHB172 _b.K775 KRU |
||
| 100 | _aKrugman Paul | ||
| 245 |
_aMicroeconomics/ _cPaul Krugman & Robin Wells/ |
||
| 250 | _a3rd Ed. | ||
| 260 |
_aNew York; _bWorth Publishers; _c2013 |
||
| 300 |
_axxxii. 595p. (various paging); _bill. color; _c27.5cm x 21.5cm |
||
| 500 | _aIncludes Index | ||
| 650 | _2Microeconomics | ||
| 700 | _aWells Robin | ||
| 942 |
_2lcc _cBK _e3rd Ed. _n0 |
||
| 999 |
_c576 _d576 |
||